Topografické mapovanie poľnohospodárskej krajiny

Gespeichert in:
Bibliographische Detailangaben
1. Verfasser: Števanková, Natália (Verfasst von)
Weitere Verfasser: Fencík, Róbert (Betreuung Doktorarbeit)
Format: Manuskript Buch
Sprache:Slowakisch
Veröffentlicht: 2017
Schlagworte:
Online-Zugang:http://is.stuba.sk/zp/portal_zp.pl?podrobnosti=128512
https://opac.crzp.sk/?fn=detailBiblioForm&sid=4B7A8F8230E49217391A618DC396
Tags: Tag hinzufügen
Keine Tags, Fügen Sie das erste Tag hinzu!

MARC

LEADER 00000ntm a22000003a 4500
001 stuzp63322
003 SK-STU
005 20230821115109.0
007 ta
008 150427s2015----xo-----f-mn---000-0-slo-d
040 |a STU  |b slo 
041 0 |a slo 
100 1 |a Števanková, Natália  |u 010130  |4 aut  |U SvF Stavebná fakulta  |T SvF Katedra geodetických základov  |X 9611  |U V130  |Y 13  |7 9611 
242 0 1 |a Topographic mapping of the agricultural landscape  |y eng 
245 1 0 |a Topografické mapovanie poľnohospodárskej krajiny 
260 |c 2017 
650 4 |a erózia  |2 slo 
650 4 |a UAV fotogrametria  |2 slo 
650 4 |a terestrické laserové skenovanie  |2 slo 
650 4 |a záchytné vsakovacie priekopy  |2 slo 
650 4 |a UAV photogrammetry  |2 eng 
650 4 |a terrestrial laser scanning  |2 eng 
650 4 |a catching soak ditch  |2 eng 
650 4 |a Erosion  |2 eng 
700 1 |a Fencík, Róbert  |u 010130  |k Z1  |4 ths  |U SvF Stavebná fakulta  |T SvF Katedra geodetických základov  |X 929  |U V130  |Y 13  |7 A000000929 
856 4 |u http://is.stuba.sk/zp/portal_zp.pl?podrobnosti=128512 
856 4 |u https://opac.crzp.sk/?fn=detailBiblioForm&sid=4B7A8F8230E49217391A618DC396